Language of Chemistry or chemical Equations and how to master them (Record no. 272)

MARC details
000 -LEADER
fixed length control field 00452nam a2200181Ia 4500
008 - FIXED-LENGTH DATA ELEMENTS--GENERAL INFORMATION
fixed length control field 200130s9999||||xx |||||||||||||| ||und||
020 ## - INTERNATIONAL STANDARD BOOK NUMBER
Terms of availability 2.5
040 ## - CATALOGING SOURCE
Original cataloging agency Gargaon College Central Library
041 ## - LANGUAGE CODE
-- English
082 ## - DEWEY DECIMAL CLASSIFICATION NUMBER
Classification number 540
Item number TUL
100 ## - MAIN ENTRY--PERSONAL NAME
Personal name Tuli,G D
245 #0 - TITLE STATEMENT
Title Language of Chemistry or chemical Equations and how to master them
260 ## - PUBLICATION, DISTRIBUTION, ETC.
Date of publication, distribution, etc. 1977
Name of publisher, distributor, etc. S Chand & Company Ltd.
Place of publication, distribution, etc. NewDelhi
300 ## - PHYSICAL DESCRIPTION
Extent 101
Other physical details PBB
650 ## - SUBJECT ADDED ENTRY--TOPICAL TERM
Topical term or geographic name entry element Chemistry
700 ## - ADDED ENTRY--PERSONAL NAME
Personal name Soni,P L
942 ## - ADDED ENTRY ELEMENTS (KOHA)
Koha item type Books
Holdings
Withdrawn status Lost status Damaged status Not for loan Home library Current library Date acquired Total Checkouts Full call number Barcode Date last seen Price effective from Koha item type
        Gargaon College Central Library Gargaon College Central Library 09/06/2014   540 TUL 3430 30/01/2020 30/01/2020 Books


Gargaon College © 2020. All rights reserved.
Powered by Koha.
Maintained by Dr. P. K. Nath.